00532pab a2200157 454500008004000000100002000040245011400060260000900174300001300183362001200196650005400208650003900262700002100301700001900322773003300341180718b1995 xxu||||| |||| 00| 0 eng d aHy, Ronald John aAcademics in service to the legislatureblegislative utilization of college and university faculty and staff. c1995 ap.468-74 aSep-Oct aUnited States. Congress - Officials and employees aLegislative bodies - United States aSims, Richard G. aVenhaus, Monte aPublic Administration Review